Effect of antibiotics on diarrhea of piglets during their suckling period at kim dina farm in kien svay district, kandal province; ប្រសិទ្ធភាពអង់ទីប៊ីយ៉ូទិកលើជំងឺេជ្រូកអំឡុងពេលបៅដោះ នៅកសិដ្ឋានចិញ្ចឹមជ្រូក គីម ឌីណា ស្រុកកៀនស្វាយ ខេត្តកណ្ដាល (Record no. 7297)

000 -LEADER
fixed length control field 00822nam a22001337a 4500
040 ## - CATALOGING SOURCE
Transcribing agency RUA
082 ## - DEWEY DECIMAL CLASSIFICATION NUMBER
Classification number VEM TUY 2014 B443 Or.1
100 ## - MAIN ENTRY--AUTHOR NAME
Personal name TUY HONGNAI; ទុយ ហុងណៃ
245 ## - TITLE STATEMENT
Title Effect of antibiotics on diarrhea of piglets during their suckling period at kim dina farm in kien svay district, kandal province; ប្រសិទ្ធភាពអង់ទីប៊ីយ៉ូទិកលើជំងឺេជ្រូកអំឡុងពេលបៅដោះ នៅកសិដ្ឋានចិញ្ចឹមជ្រូក គីម ឌីណា ស្រុកកៀនស្វាយ ខេត្តកណ្ដាល
260 ## - PUBLICATION, DISTRIBUTION, ETC. (IMPRINT)
Place of publication Phnom Penh
Name of publisher RUA
Year of publication 2014
300 ## - PHYSICAL DESCRIPTION
Number of Pages x;38p.
Other physical details ill.
Dimensions 29cm.
856 ## - ELECTRONIC LOCATION AND ACCESS
Uniform Resource Identifier https://drive.google.com/file/d/1Sp2rJjcP-bVhja3HRmmNC0Ho-RZ4JGNC/view?usp=sharing
942 ## - ADDED ENTRY ELEMENTS (KOHA)
Koha item type VEM
952 ## - LOCATION AND ITEM INFORMATION (KOHA)
Withdrawn status [LOCAL, KOHA] 0
952 ## - LOCATION AND ITEM INFORMATION (KOHA)
Withdrawn status [LOCAL, KOHA] 0
952 ## - LOCATION AND ITEM INFORMATION (KOHA)
Withdrawn status [LOCAL, KOHA] 0
952 ## - LOCATION AND ITEM INFORMATION (KOHA)
Withdrawn status [LOCAL, KOHA] 0
952 ## - LOCATION AND ITEM INFORMATION (KOHA)
Withdrawn status [LOCAL, KOHA] 0
952 ## - LOCATION AND ITEM INFORMATION (KOHA)
Withdrawn status [LOCAL, KOHA] 0
952 ## - LOCATION AND ITEM INFORMATION (KOHA)
Withdrawn status [LOCAL, KOHA] 0
952 ## - LOCATION AND ITEM INFORMATION (KOHA)
Withdrawn status [LOCAL, KOHA] 0
952 ## - LOCATION AND ITEM INFORMATION (KOHA)
Withdrawn status [LOCAL, KOHA] 0
952 ## - LOCATION AND ITEM INFORMATION (KOHA)
Withdrawn status [LOCAL, KOHA] 0
952 ## - LOCATION AND ITEM INFORMATION (KOHA)
Withdrawn status [LOCAL, KOHA] 0
952 ## - LOCATION AND ITEM INFORMATION (KOHA)
Withdrawn status [LOCAL, KOHA] 0
952 ## - LOCATION AND ITEM INFORMATION (KOHA)
Withdrawn status [LOCAL, KOHA] 0
952 ## - LOCATION AND ITEM INFORMATION (KOHA)
Withdrawn status [LOCAL, KOHA] 0
Holdings
Permanent Location Date acquired Koha item type Lost status Shelving location Barcode Current Location Full call number
Library Block B2016-03-02VEM B443RUA053840Library Block BVEM TUY 2014 B443 Or.1
Library Block B2016-03-02VEM B443RUA053828Library Block BVEM TUY 2014 B443 Or.2
Library Block B2016-03-02VEM B443RUA050816Library Block BVEM TUY 2014 B443 Or.3
Library Block B2016-03-02VEM B443RUA053702Library Block BVEM TUY 2014 B443 Or.4
Library Block B2016-03-02VEM B443RUA053532Library Block BVEM TUY 2014 B443 Or.5
Library Block B2016-03-02VEM B443RUA053582Library Block BVEM TUY 2014 B443 Or.6
Library Block B2016-03-02VEM B443RUA053571Library Block BVEM TUY 2014 B443 Or.7
Library Block B2016-03-02VEM B443RUA053688Library Block BVEM TUY 2014 B443 Or.8
Library Block B2021-11-16VEM B692A067498Library Block BVEM TUY 2014 B692 Or.
Library Block B2021-11-16VEM B692A066772Library Block BVEM TUY 2014 B692 Or.
Library Block B2021-11-16VEM B692A065690Library Block BVEM TUY 2014 B692 Or.
Library Block B2021-11-16VEM B692A066716Library Block BVEM TUY 2014 B692 Or.1
Library Block B2021-11-16VEM B692A066708Library Block BVEM TUY 2014 B692 Or.1
Library Block B2021-11-16VEM B692A066824Library Block BVEM TUY 2014 B692 Or.1
មជ្ឈមណ្ឌលឯការនៃសាកលវិទ្យាល័យភូមិន្ទកសិកម្មចំការដូង

Powered by Koha